Nizozemský daňový systém

Historicko-hospodárska charakteristika Holandska. Hlavné ekonomické ukazovatele Holandska, porovnanie s Českou republikou. Stručný pohľad na daňový systém Holandska, jeho odlišnosti od systému v Českej republike.

Enregistré dans:
Détails bibliographiques
Auteur principal: Gomba, Pavla
Format: Chapitre de livre
Langue:tchèque
Sujets:
Tags: Ajouter un tag
Pas de tags, Soyez le premier à ajouter un tag!

MARC

LEADER 00000naa a2200000 4500
001 r033385
005 20230929090954.2
041 0 |a cze 
044 |a CZ 
245 1 0 |a Nizozemský daňový systém  |c Pavla Gomba 
520 |a Historicko-hospodárska charakteristika Holandska. Hlavné ekonomické ukazovatele Holandska, porovnanie s Českou republikou. Stručný pohľad na daňový systém Holandska, jeho odlišnosti od systému v Českej republike. 
610 2 0 |a Holandsko 
610 2 0 |a systémy daňové 
610 2 0 |a sústava daňová 
610 2 0 |a ukazovatele ekonomické 
610 2 0 |a nezamestnanosť 
610 2 0 |a inflácia 
610 2 0 |a produkt domáci hrubý 
610 2 0 |a dane 
610 2 0 |a dane priame 
610 2 0 |a dane z príjmov 
610 2 0 |a sadzby daňové 
610 2 0 |a Česko 
100 1 |a Gomba, Pavla